00653nam a2200193 a 450000100100000000500170001000800410002704000250006808200170009324500250011025000250013526000720016030000250023250000350025765000420029265000340033465000440036871000470041200001914820200929165932.0100527s1989 ko ab c 000 0 spa d aDO-SdBNPbspacBNPHU a951.9bD234s00aDatos sobre corea /. aed. rev. y abreviada aSeúl, Corea :bServicio Coreano de Información Exterior,c1989. a226 p. :bil., mapa. aEdición revisada y abreviada 4aCorea del surxDescripciones y viajes 4aCorea del surxCivilización 4aCorea del surxCondiciones económicas2 aServicio Coreano de Información Exterior